000
00299nam a22001217a 4500
082
_a
621.43
_b
MAR
100
_a
Marter, Donald H.
245
_a
Engines
260
_a
Great Britain,
_b
Camelot Press,
_c
1962.
300
_a
vii,264p :
_b
Hardcover
_c
22cm.
563
_a
Hardcover
942
_2
ddc
_c
BK
999
_c
588741
_d
588741